| 000 | 00573nam a2200181 4500 | ||
|---|---|---|---|
| 001 | 122144 | ||
| 003 | ES-MaACL | ||
| 007 | t| | ||
| 008 | 070214m19671969mx r ||||1| spa d | ||
| 100 | 1 |
_aPrieto, Indalecio, _d1883-1962 _993889 |
|
| 245 | 1 | 0 |
_aConvulsiones de España _b: pequeños detalles de grandes sucesos / _cIndalecio Prieto ; compilación: Eusebio Rodrigo. |
| 250 | _a1ª ed. | ||
| 260 |
_aMéxico : _bOasis, _c1967-69. |
||
| 300 |
_a3 v. ; _c24 cm. |
||
| 700 | 1 |
_aRodrigo, Eusebio. _998171 |
|
| 852 |
_aES-MaACL _jE-6610-12 _bR.91309 |
||
| 999 |
_c122144 _d122144 |
||